Online Catalogue and eLibrary

Ancient land tenure to modern land reform in Sri Lanka (Record no. 2676)

MARC details
000 -LEADER
fixed length control field 00421nam a2200145Ia 4500
005 - DATE AND TIME OF LATEST TRANSACTION
control field 20240516034841.0
008 - FIXED-LENGTH DATA ELEMENTS--GENERAL INFORMATION
fixed length control field 240331s9999 xx 000 0 und d
082 ## - DDC Classification
Item Number - Author Mark ABE
Class No. 333
100 ## - MAIN ENTRY--PERSONAL NAME
Personal name Abeysinghe, Ariya
245 #0 - TITLE STATEMENT
Title Ancient land tenure to modern land reform in Sri Lanka
Statement of responsibility, etc. Ariya Abeysinghe
260 ## - PUBLICATION, DISTRIBUTION, ETC.
Place of publication, distribution, etc. Colombo
Name of publisher, distributor, etc. The Center for Society & Religion
300 ## - PHYSICAL DESCRIPTION
Extent (e.g. Volumes, Pages etc.) 152, p ., ( v 2 )
650 ## - SUBJECT ADDED ENTRY--TOPICAL TERM
Topical term or geographic name entry element Political
942 ## - Koha item type (Biblio)
Koha item type Books in Stacks (Lending)
Holdings
Lost status Damaged status Collection code Home library Current library Shelving location Date acquired Full call number Accession Number Item type
    Lending WERC Library WERC Library Social Science Cupboard 03/31/2024 333.31 ABE 106 Books in Stacks (Lending)

© WERC Library